000 00908nam a2200241Ia 4500
003 OSt
005 20220923224449.0
006 a|||||r|||| 00| 0
007 ta
008 220922b |||||||| |||| 00| 0 hin d
020 _c800
024 _a233,565
037 _b1740, 25/03/2008, Vidyanidhi Prakashan
_cTextual
040 _aARTS
_cARTS
_bhin
041 _2hin
_ahin
082 _aQ3:g(/\:36), 152P7
100 _aउदित प्रभा, उषा
245 0 _aजैनधर्म में ध्यान का ऐतिहासिक विकास क्रम
246 _aJainadharma mean dhyān kā aitihāsik vikās krama
260 _aजोधपुर
_b नवभारत प्रकाशन
_c2007
942 _hQ3:g(/\:36), 152P7
_cTEXL
_2CC
999 _c371611
_d371611